Encounters : (Record no. 6478)
[ view plain ]
| 000 -LEADER | |
|---|---|
| fixed length control field | 01089cam a2200193 a 4500 |
| 020 ## - INTERNATIONAL STANDARD BOOK NUMBER | |
| ISBN | 0070306397 |
| 022 ## - INTERNATIONAL STANDARD SERIAL NUMBER | |
| ISSN | 9780070306394 |
| 050 00 - CALL NUMBER | |
| Classification number | PE1417 |
| Item number | .H69 |
| 100 1# - AUTHOR | |
| Personal name | Hoy, Pat C. |
| 245 10 - TITLE | |
| Title | Encounters : |
| Remainder of title | readings and the world / |
| Statement of responsibility, etc | Pat C. Hoy, II, Robert DiYanni. |
| 260 ## - PUBLICATION INFORMATION | |
| Place of publication | New York : |
| Name of publisher | McGraw-Hill Co., |
| Year of publication | 1997. |
| 300 ## - DESCRIPTION | |
| Number of Pages | xlix, 777 p. : |
| Other physical details | col. ill., map ; |
| Dimensions | 22 cm. |
| 505 ## - FORMATTED CONTENTS NOTE | |
| Table of Content | Student writers at work - drafting and revising essays; "The Voice of the Looking Glass", Maile Meloy; finding a dog not lost in "Looking for a Lost Dog", Robynn Stacey Maines; a spectrum of student writing: familiar/exploratory essays; analytical argumentative essays; combination essays; a spectrum of professional writing: two professional writers; related student essays; student essays based on Kingston's "On Discovery"; student research essays based on the work of E.B. White; artworks. |
| 650 #0 - SUBJECTS | |
| Topical Term | College readers. |
| 650 #0 - SUBJECTS | |
| Topical Term | English language |
| General subdivision | Rhetoric |
| -- | Problems, exercises, etc. |
| 650 #0 - SUBJECTS | |
| Topical Term | Report writing |
| General subdivision | Problems, exercises, etc. |
| 700 1# - OTHER AUTHORS | |
| Personal name | DiYanni, Robert. |
| 942 ## - ADDED ENTRY ELEMENTS (KOHA) | |
| Koha item type | Books |
| Withdrawn status | Lost status | Home library | Current library | Shelving location | Date acquired | Full call number | Accession Number | Koha item type | Collection code |
|---|---|---|---|---|---|---|---|---|---|
| Methodist University Library Main | Methodist University Library Main | General Stacks | 22/03/2006 | PE141 .H69 | 25826 | Books | |||
| Methodist University Library Main | Methodist University Library Main | General Stacks | 22/03/2006 | PE141 .H69 | 26044 | Books | |||
| Methodist University Library Main | Methodist University Library Main | General Stacks | 22/03/2006 | PE141 .H69 | 25821 | Books | Reference |